Iglesia de Dios, Iglesia de los hombres / (Record no. 127604)

MARC details
000 -LEADER
campo de control de longitud fija 00512nam a2200169 4500
001 - NÚMERO DE CONTROL
campo de control 127604
003 - IDENTIFICADOR DE NÚMERO DE CONTROL
campo de control ES-MaACL
005 - FECHA Y HORA DE LA ÚLTIMA TRANSACCIÓN
campo de control 20230906193039.0
007 - CAMPO FIJO DE DESCRIPCIÓN FÍSICA--INFORMACIÓN GENERAL
campo de control de longitud fija t|
008 - DATOS DE LONGITUD FIJA--INFORMACIÓN GENERAL
campo de control de longitud fija 070214s1972 sp r ||||1| spa d
100 1# - ENTRADA PRINCIPAL--NOMBRE DE PERSONA
Nombre de persona Riudor, Ignacio.
9 (RLIN) 97510
245 10 - MENCIÓN DEL TÍTULO
Título Iglesia de Dios, Iglesia de los hombres /
Mención de responsabilidad, etc. Ignacio Riudor, S. J.
260 ## - PUBLICACIÓN, DISTRIBUCIÓN, ETC.
Lugar de publicación, distribución, etc. Madrid [etc.] :
Nombre del editor, distribuidor, etc. Apostolado de la Prensa [etc.],
Fecha de publicación, distribución, etc. 1972.
300 ## - DESCRIPCIÓN FÍSICA
Extensión 1 v. ;
Dimensiones 21 cm.
710 2# - ENTRADA AGREGADA--NOMBRE DE ENTIDAD CORPORATIVA
Nombre de entidad corporativa o nombre de jurisdicción como elemento de entrada Apostolado de la Prensa.
9 (RLIN) 1403
852 ## - LOCALIZACIÓN
Ubicación ES-MaACL
Número de control de estantería P-1705
Sublocalización o colección R.83184
Holdings
Estatus retirado Estado de pérdida Estado de daño No para préstamo Biblioteca de origen Biblioteca actual Ubicación en estantería Fecha de adquisición Fuente de adquisición Total de préstamos Signatura topográfica completa Código de barras Visto por última vez Precio de reemplazo Tipo de ítem Koha
        Biblioteca del Ateneo de Madrid Biblioteca del Ateneo de Madrid Depósito 2 17/01/2008     P-1705 1132904 23/02/2023 23/02/2023 Libro impreso